<?xml version="1.0" encoding="UTF-8"?>
<record
    xmlns:xsi="http://www.w3.org/2001/XMLSchema-instance"
    xsi:schemaLocation="http://www.loc.gov/MARC21/slim http://www.loc.gov/standards/marcxml/schema/MARC21slim.xsd"
    xmlns="http://www.loc.gov/MARC21/slim">

  <leader>02123cam a2200193 i 4500</leader>
  <datafield tag="999" ind1=" " ind2=" ">
    <subfield code="c">4643</subfield>
    <subfield code="d">4643</subfield>
  </datafield>
  <datafield tag="020" ind1=" " ind2=" ">
    <subfield code="a">9780073378299 (hardback : acidfree paper)</subfield>
  </datafield>
  <datafield tag="020" ind1=" " ind2=" ">
    <subfield code="a">0073378291 (hardback : acidfree paper)</subfield>
  </datafield>
  <datafield tag="082" ind1="0" ind2="0">
    <subfield code="a">611 SAL</subfield>
  </datafield>
  <datafield tag="100" ind1="1" ind2=" ">
    <subfield code="a">Saladin, Kenneth S.</subfield>
  </datafield>
  <datafield tag="245" ind1="1" ind2="0">
    <subfield code="a">Human anatomy /</subfield>
  </datafield>
  <datafield tag="250" ind1=" " ind2=" ">
    <subfield code="a">Fourth edition.</subfield>
  </datafield>
  <datafield tag="260" ind1=" " ind2=" ">
    <subfield code="a">USA</subfield>
    <subfield code="b">Mcgraw Hill Publication</subfield>
    <subfield code="c">2011</subfield>
  </datafield>
  <datafield tag="300" ind1=" " ind2=" ">
    <subfield code="a">1 volume (various pagings) :</subfield>
    <subfield code="b">color illustrations ;</subfield>
  </datafield>
  <datafield tag="500" ind1=" " ind2=" ">
    <subfield code="a">Includes index.</subfield>
  </datafield>
  <datafield tag="520" ind1=" " ind2=" ">
    <subfield code="a">"Ken Saladin's penchant for writing began early. For his 10th-grade biology class, he wrote a 318-page monograph on hydras with 53 original India ink drawings and 10 original photomicrographs. We at McGraw-Hill think of this as Ken's "first book." At a young age, Ken already was developing his technical writing style, research habits, and illustration skills. Ken served as an A&amp;P textbook reviewer and testbank writer for several years and then embarked on his first book for McGraw-Hill in 1993. He published the first edition of Anatomy and Physiology: The Unity of Form and Function in 1997 and his first edition of Human Anatomy in 2004. The story continues with Human Anatomy, fourth edition. The Fourth Edition--What's New? New Organization New Science New Writing New Balance New Photographs New Art New Pedagogy A Storytelling Writing Style Innovative Perspectives Fresh Analogies Artwork That Piques Interest and Clarifies Ideas Vivid Illustrations Process Figures Orientation Tools The Art of Teaching--Pedagogical Features Chapters Laid Out for Preview and Review The Bookends of Knowledge Vocabulary Building Desktop Experiments elf-Assessment Tools Making It Relevant Saladin's Human Anatomy is more than a description of body structure. It is a story that weaves together basic science, clinical applications, the history of medicine, and the evolutionary basis of human structure. Saladin combines this humanistic perspective with vibrant photos and art to convey the beauty and excitement of the subject to beginning students"--</subfield>
  </datafield>
  <datafield tag="650" ind1=" " ind2="0">
    <subfield code="a">Human anatomy</subfield>
  </datafield>
  <datafield tag="650" ind1=" " ind2="7">
    <subfield code="a">SCIENCE / Life Sciences / Human Anatomy &amp; Physiology</subfield>
  </datafield>
  <datafield tag="942" ind1=" " ind2=" ">
    <subfield code="c">BK</subfield>
  </datafield>
  <datafield tag="952" ind1=" " ind2=" ">
    <subfield code="0">0</subfield>
    <subfield code="1">0</subfield>
    <subfield code="7">0</subfield>
    <subfield code="8">NFIC</subfield>
    <subfield code="a">IC</subfield>
    <subfield code="b">IC</subfield>
    <subfield code="c">GEN</subfield>
    <subfield code="d">2018-10-19</subfield>
    <subfield code="l">5</subfield>
    <subfield code="o">611 SAL</subfield>
    <subfield code="p">007266</subfield>
    <subfield code="r">2022-11-17 00:00:00</subfield>
    <subfield code="s">2020-02-15</subfield>
    <subfield code="w">2018-10-19</subfield>
    <subfield code="y">BK</subfield>
  </datafield>
  <datafield tag="952" ind1=" " ind2=" ">
    <subfield code="0">0</subfield>
    <subfield code="1">0</subfield>
    <subfield code="7">0</subfield>
    <subfield code="8">NFIC</subfield>
    <subfield code="a">IC</subfield>
    <subfield code="b">IC</subfield>
    <subfield code="c">GEN</subfield>
    <subfield code="d">2018-10-19</subfield>
    <subfield code="l">0</subfield>
    <subfield code="o">611 SAL</subfield>
    <subfield code="p">007267</subfield>
    <subfield code="r">2018-10-19 00:00:00</subfield>
    <subfield code="w">2018-10-19</subfield>
    <subfield code="y">REF</subfield>
  </datafield>
</record>
